| Tag |
First Indicator |
Second Indicator |
Subfields |
| LEADER |
00000cam a2200000 a 4500 |
| 001 |
in00000014845 |
| 005 |
20151007052912.0 |
| 008 |
870812s1988 cou b 00000 eng |
| 010 |
|
|
|a 87007253
|
| 020 |
|
|
|a 0813305675 (pbk. : alk. paper)
|
| 035 |
|
|
|a (OCoLC)16578305
|
| 035 |
|
|
|9 AAA9643AM
|
| 040 |
|
|
|a DLC
|c DLC
|d TXA
|d UtOrBLW
|
| 043 |
|
|
|a n-us---
|
| 049 |
|
|
|a TXAM
|c [A11467335]
|
| 050 |
0 |
0 |
|a HF5549.5.A34
|b E7 1988
|
| 082 |
0 |
|
|a 331.13/3/0973
|2 19
|
| 245 |
0 |
0 |
|a Equal opportunity /
|c edited by Norman E. Bowie.
|
| 264 |
|
1 |
|a Boulder :
|b Westview Press,
|c 1988.
|
| 300 |
|
|
|a viii, 200 pages ;
|c 23 cm.
|
| 336 |
|
|
|a text
|b txt
|2 rdacontent
|
| 337 |
|
|
|a unmediated
|b n
|2 rdamedia
|
| 338 |
|
|
|a volume
|b nc
|2 rdacarrier
|
| 504 |
|
|
|a Includes bibliographies.
|
| 650 |
|
0 |
|a Affirmative action programs
|z United States.
|
| 700 |
1 |
|
|a Bowie, Norman E.,
|d 1942-
|
| 999 |
|
|
|a MARS
|
| 999 |
f |
f |
|s 93fa7b4a-5283-3e9e-8cd4-b7c2c0f58847
|i fbd81154-745a-3eaa-bd34-8ef5672f8c9d
|t 0
|
| 952 |
f |
f |
|p ric
|a Texas A&M University
|b Rellis Campus
|c Joint Library Facility
|d Remote Storage
|t 0
|e HF5549.5.A34 E7 1988
|h Library of Congress classification
|i unmediated -- volume
|m A14811467335
|
| 998 |
f |
f |
|a HF5549.5.A34 E7 1988
|t 0
|l Remote Storage
|